Score 0/24 Timer 03:00
1 Play Today
Clue 4-Letter Word % Correct
Ice cream holderCONE
93.8%
'___ Matthews Band'DAVE
91.9%
Peaceful birdDOVE
91%
Give up smokingQUIT
90.5%
Miniature testQUIZ
88.6%
Cause pain toHURT
82.7%
Presented a present to someoneGAVE
81.8%
Throw with great forceHURL
78.5%
Eight, in FrenchHUIT
77.7%
UnclothedBARE
76.2%
Animal used for fursMINK
73.5%
Flirt with one's eyeWINK
72.9%
Clue 4-Letter Word % Correct
Prisoners, for shortCONS
72.4%
Info, slangilyDOPE
70%
Deal with it?COPE
69.8%
French train stationGARE
68.5%
A state of rage or angerFURY
62.2%
Wrap up a flagFURL
61.3%
InterBURY
57.9%
NHL's 'Russian Rocket' PavelBURE
54.7%
Column on a sports page?WINS
48.4%
Lustful womanMINX
47.3%
Coins from South KoreaWONS
46.6%
Something that brings bad luckJINX
45.5%

Today's Daily Dose

Remove Ads.
Support Sporcle.
Get the best of Sporcle when you Go Orange. This ad-free experience offers more features, more stats, and more fun while also helping to support Sporcle. Thank you for becoming a member.

You're not logged in!

Compare scores with friends on all Sporcle quizzes.
OR
Log In

Show Comments

Extras

Top Quizzes Today


Score Distribution

Your Account Isn't Verified!

In order to create a playlist on Sporcle, you need to verify the email address you used during registration. Go to your Sporcle Settings to finish the process.

Report this User

Report this user for behavior that violates our Community Guidelines.

Details: